000 00394nam a2200169Ia 4500
001 27576
003 IN-NITTTR
005 20251114233343.0
008 251113s9999||||xx |||||||||||||| ||eng||
040 _beng
040 _cIN-NITTTR
041 _aeng
082 _a620.106 T314
100 _aMalhotra, M. M.
245 0 _aTextbook in applied mechanics /
_cMalhotra, M. M.
942 _2ddc
_cBK
999 _c30204
_d30204